Inteligentný zavlažovací systém

Enregistré dans:
Détails bibliographiques
Auteur principal: Vido, Matúš (Auteur)
Autres auteurs: Hanic, Michal (Directeur de thèse)
Format: Manuscrit Livre
Langue:slovaque
Publié: 2015
Sujets:
Accès en ligne:http://is.stuba.sk/zp/portal_zp.pl?podrobnosti=97496
Tags: Ajouter un tag
Pas de tags, Soyez le premier à ajouter un tag!

MARC

LEADER 00000ntm a22000003a 4500
001 stuzp50014
003 SK-STU
005 20160719153432.7
007 ta
008 150427s2015----xo-----f-mn---000-0-slo-d
040 |a STU  |b slo 
041 0 |a slo 
100 1 |a Vido, Matúš  |u 033000  |4 aut  |U FEI Fakulta elektrotechniky a informatiky  |T FEI Ústav elektroniky a fotoniky  |X 53357  |U E030  |Y 549  |7 53357 
242 0 1 |a Smart irrigation system  |y eng 
245 1 0 |a Inteligentný zavlažovací systém 
260 |c 2015 
300 |a 51 s., príl.  |b CD-ROM 
650 4 |a Vlhkosť pôdy  |2 slo 
650 4 |a senzor vlhkosti pôdy  |2 slo 
650 4 |a zavlažovanie  |2 slo 
650 4 |a soil moisture sensor  |2 eng 
650 4 |a irrigation  |2 eng 
650 4 |a Soil moisture  |2 eng 
700 1 |a Hanic, Michal  |4 ths  |X 55743  |7 A000055743 
856 4 |u http://is.stuba.sk/zp/portal_zp.pl?podrobnosti=97496 
996 |b 284ER01796  |c E*Bc- 1796  |l EE33  |s P  |a 0  |w stuzp50014_0001 
SQL |a stuzp50014  |b DBP  |c SLO  |d Inteligentný zavlažovací systém  |e 53357  |f Vido, Matúš  |g 033000  |h 55743  |i Hanic, Michal  |j 20150706  |k 74  |l 03  |m http://is.stuba.sk/zp/portal_zp.pl?podrobnosti=97496  |n B-AUE  |o 5.2.13. elektronika